000
00212nam a2200097 4500
082
_a
954.9042ZAI
100
_a
Zaidi, Z.H
245
_a
Jinnah Papers
260
_a
Islamabad:
_b
Cabinet Division,
_c
2006.
942
_c
BK
999
_c
10835
_d
10835